000 00531nam a2200205Ia 4500
003 GCL
008 140319s9999 xx 000 0 eng d
040 _aGCL /
_cGCL
082 0 4 _a621.042
_bD M
100 1 _aDALZOTTO, P
245 1 0 _aMEMOTECH GENIE ENERGETIQUE /
_cDALZOTTO, P
700 1 _aLARRE, J.M
700 1 _aMARLET, A
260 _a[S.N] :
_bCASTEILLA ،
_c1996
300 _a585 P
650 0 4 _aالتحليل الرياضى
650 0 4 _aELECTRICAL ENGINEERING
650 0 4 _aFORCE AND ENERGY
942 _2ddc
_cBK
999 _c16397
_d16397